00867nam a2200253Ia 450000500170000000800410001702000150005804100080007310000230008124501010010425000220020530000390022749000260026665000410029265000420033365000370037570000400041226400270045233600270047933700330050633800280053904000350056708400110060220220316235544.0121119s2002 sp a gr 000 j spa  a84845213380 aspa1 aGris García, Ana10aColillas C. F.cAna Gris García ; diseño de cubierta e ilustraciones, José Luis Tellería aPrimera edición a63 páginasbilustracionesc24 cm0 aPequeños ciudadanos14aCuentos infantiles españoles2LEMB14a Literatura infantil española2LEMB14aFeminismo en la literatura2LEMB1 aTellería, José Luiseilustrador aMadrid bBruñoc2002 atextobtxt2rdacontent asin mediaciónbn2rdamedia avolumenbnc2rdacarrier aCO-BoRNBPbspaerdacCO-BoRNBP aC GRI3